000 00687nam a22002177a 4500
003 LK-CoDNM
005 20241107144449.0
008 241015b |||||||| |||| 00| 0 eng d
040 _aLK-CoDNM
_dLK-CoDNM
_eLK-CoDNM
041 _asin
080 _aප්‍ර.ස
_b12
245 _aසිළුමිණ-1932
_b 3 කාණ්ඩය 21 කලාපය
260 _c1932
_aකොළඹ
_bසිළුමිණ යන්ත්‍රාලය
300 _b4p. ; 48 cm
650 _aසිළුමිණ-1932
650 _a3 කාණ්ඩය 21 කලාපය
650 _aමාසික සගරාව
650 _aප්‍ර.ස 12
650 _a1932
942 _cBK
999 _c228418
_d228418